Southville International School and Colleges
Your cart is empty.
  • Cart
  • Lists
    Public lists Eva Luna New books Lux_list list_1
    Your lists Log in to create your own lists
  • Log in to your account
  • Your cookies
  • Search history
Southville International School and Colleges
  • Advanced search
  • Recent comments
  • Most popular
  • Libraries

Log in to your account

Log in with GOOGLE


If you do not have an external account, but do have a local account, you can still log in:

  1. Home
  2. MARC view: Riches in niches :
Normal view MARC view ISBD view

Riches in niches : (Record no. 339845)

[ view plain ]
MARC details
000 -LEADER
fixed length control field 00731nam a2200277Ia 4500
008 - FIXED-LENGTH DATA ELEMENTS--GENERAL INFORMATION
fixed length control field 170711s9999 xx 000 0 und d
020 ## - INTERNATIONAL STANDARD BOOK NUMBER
International Standard Book Number 9780071327053
050 ## - LIBRARY OF CONGRESS CALL NUMBER
Classification number 650.1
050 ## - LIBRARY OF CONGRESS CALL NUMBER
Item number F911 2007
100 ## - MAIN ENTRY--PERSONAL NAME
Personal name Friedmann, Susan
245 ## - TITLE STATEMENT
Title Riches in niches :
245 ## - TITLE STATEMENT
Remainder of title how to make it big in a small market /
245 ## - TITLE STATEMENT
Statement of responsibility, etc by Susan Friedmann.
260 ## - PUBLICATION, DISTRIBUTION, ETC. (IMPRINT)
Place of publication, distribution, etc Philippines :
260 ## - PUBLICATION, DISTRIBUTION, ETC. (IMPRINT)
Name of publisher, distributor, etc Career Press,
260 ## - PUBLICATION, DISTRIBUTION, ETC. (IMPRINT)
Date of publication, distribution, etc 2007
300 ## - PHYSICAL DESCRIPTION
Extent 256 pages :
300 ## - PHYSICAL DESCRIPTION
Other physical details illustrations ;
300 ## - PHYSICAL DESCRIPTION
Dimensions 21cm.
500 ## - GENERAL NOTE
General note Includes bibliographic reference and index.
650 ## - SUBJECT ADDED ENTRY--TOPICAL TERM
Topical term or geographic name as entry element Entrepreneurship.
650 ## - SUBJECT ADDED ENTRY--TOPICAL TERM
Topical term or geographic name as entry element New business enterprises.
650 ## - SUBJECT ADDED ENTRY--TOPICAL TERM
Topical term or geographic name as entry element Self-help --
650 ## - SUBJECT ADDED ENTRY--TOPICAL TERM
General subdivision Time management.
700 ## - ADDED ENTRY--PERSONAL NAME
Personal name Title.

No items available.

Riches in niches :

APA

Friedmann S., Title, .Riches in niches. Philippines: .

Chicago

Friedmann Susan, Title, .Riches in niches. Philippines: .

Harvard

Friedmann S., Title, .Riches in niches. Philippines: .

MLA

Friedmann Susan, Title, .Philippines: . .

  • Print
  • Cite
  • Add to your cart (remove)
  • Save record
    BIBTEX Dublin Core MARCXML MARC (non-Unicode/MARC-8) MARC (Unicode/UTF-8) MARC (Unicode/UTF-8, Standard) MODS (XML) RIS
  • More searches
    Search for this title in:
    Other Libraries (WorldCat) Other Databases (Google Scholar) Online Stores (Bookfinder.com) Open Library (openlibrary.org)

Exporting to Dublin Core...

SOUTHVILLE LIBRARY

Southville International School and Colleges Library

1281 Tropical Ave. Cor. Luxembourg St., BF Homes International, Las Pinas City

Tel. No. 8256374 / 252358 Loc. 117/146

Powered by Koha